| 000 | 00358nam a2200145Ia 4500 | ||
|---|---|---|---|
| 008 | 150201s2003 xx 000 0 und d | ||
| 082 |
_a610 _bO2003S |
||
| 100 | _aOXFORD | ||
| 245 | _aOXFORD HANDBOOK OF GENERAL PRACTICE | ||
| 250 | _a1ST | ||
| 260 |
_bOXFORD UNIVERSITY PRESS _aNEW DELHI _c2003 |
||
| 300 | _a1-1031 | ||
| 650 | _aMEDICINE | ||
| 942 |
_2ddc _cBK |
||
| 999 |
_c2647 _d2647 |
||